000 00561cam a22001934a 4500
005 20250605163959.0
008 250528s ||||||||||||||||||||||||d
035 _a15556
020 _a13598632
040 _aGR-AtMCL
_bgre
_dGR-AtMCL
_eAACR2
245 1 _aModern Structured Analysis
260 _bPrentice Hall International,
_c1989
300 _a676
520 _aPreface, Introduction, Modelling Tools, The Analysis Process, Follow-On Issues, Appendices, Index.
700 1 _aYourdon Edward
_91508
942 _cBK
999 _c1127
_d1127